000 00501nam a2200145Ia 4500
008 100122s9999 xx 000 0 und d
082 _b51280
_a81
100 _aखाडिलकर नीलकंठ
245 _aअग्रलेखांचा बादशहा
260 _bशलाका प्रकाशन
_c1995
300 _a166
630 _aअग्रलेखांचा बादशहा
730 _aअग्रलेखांचा बादशहा
942 _cBOOK
999 _c428742
_d428739